| 000 | 01059cam a22003135a 4500 | ||
|---|---|---|---|
| 001 | 13596700 | ||
| 005 | 20171115143517.0 | ||
| 008 | 040518s2004 njua frb 001 0 eng d | ||
| 010 | _a 2004274094 | ||
| 020 | _a0131828274 | ||
| 040 |
_aDLC _beng _cDLC _dEG-ScBUE |
||
| 082 | 0 | 4 |
_a005.43 _bDEI _222 |
| 100 | 1 |
_aDeitel, Harvey M., _d1945- |
|
| 245 | 1 | 0 |
_aOperating systems / _c[Harvey M. Deitel, Paul J. Deitel, David R. Choffnes]. |
| 250 | _a3rd ed. | ||
| 260 |
_aUpper Saddle River, NJ : _bPearson / Prentice Hall, _cc.2004. |
||
| 300 |
_a2 v. (lix, 1209 p.) : _bill. ; _c24 cm. |
||
| 490 | 0 | _aComputer science series | |
| 504 | _aIncludes bibliographical references and index. | ||
| 505 | 0 | _apt. 1. Chapters 1-14 -- pt. 2. Chapters 15-End. | |
| 650 | 7 |
_aOperating systems (Computers) _2BUEsh |
|
| 651 | _2BUEsh | ||
| 653 |
_bENGELC _bCOMSCI _cNovember2017 |
||
| 655 |
_vText book _933728 |
||
| 700 | 1 | _aDeitel, Paul J. | |
| 700 | 1 | _aChoffnes, David R. | |
| 700 | 1 |
_aDeitel, Harvey M., _d1945- _tIntroduction to operating systems. |
|
| 942 | _2ddc | ||
| 999 |
_c25592 _d25564 |
||